Neue Gesellschaft: Frankfurter hefte /

Na minha lista:
Detalhes bibliográficos
Formato: Livro
Idioma:German
Publicado em: Alemania: Verlag J.H.W. Dietz Nachf 1985-
Tags: Adicionar Tag
Sem tags, seja o primeiro a adicionar uma tag!

MARC

LEADER 00000nam a22000007a 4500
003 cru CIDCACS/IIS
005 20200925161352.0
008 170511s1985 gw ||||| |||| 00| 0 ger d
040 |c CRAI/IIS  |a CRAI/IIS 
090 |a REV1725 
245 0 |a Neue Gesellschaft:  |b  Frankfurter hefte /  |c DIETZ 
260 |a Alemania:  |b Verlag J.H.W. Dietz Nachf  |c 1985- 
270 |a  Dreizehnmorgenweg 24, 53175 Bonn,   |d Alemania  |j 0228/238083  |l 0228/234104  |m info@dietz-verlag.de 
942 |2 ddc  |c PP 
999 |c 19298  |d 19298